000 00606nam a2200217 a 4500
001 10248
003 CO-ViMGA
008 141112s2004 ck r 000 u spa d
020 _a8426708080
040 _aCO-ViMGA
_bspa
_cCO-ViMGA
082 0 4 _a620.7 A7li
100 1 _aArbibes Malisani ; Eduardo,
_913372
245 1 0 _aIngeniería de Sistemas
260 _aBarcelona :
_bMarcombo,
_c1991
300 _a157p.
490 _aColección productica
650 1 4 _aDISEÑO EN INGENIERIA
_913373
650 1 4 _aINGENIERIA DE SISTEMAS
_97752
650 1 4 _aInvestigaciónES OPERACIONAL
_913374
942 _2ddc
_cBK
999 _c21618
_d21618